Statistics for Municipal Districts of Primorsky Krai

Click here to take the quiz!

General Stats

  • This quiz has been taken 7 times
  • The average score is 14 of 34

Answers on the Map

Answers color-coded by a green-red scale on the quiz's map according to % correct below.
 

Answer Stats

TypeEntity% Correct
Urban OkrugDal'negorsk
100%
Urban OkrugArtyom
67%
CityBol'shoy Kamen
67%
Closed City - ZATOFokino
67%
RaionKhorol'skiy
67%
CitySpassk-Dal'niy
67%
RaionSpasskiy
67%
Urban OkrugVladivostok
67%
RaionAnuchinskiy
33%
Urban OkrugArsenyev
33%
RaionChernigovskiy
33%
RaionChuguyevskiy
33%
Urban OkrugDal'nerechensk
33%
RaionDal'nerechenskiy
33%
RaionKavalerovskiy
33%
RaionKhankayskiy
33%
RaionKhasanskiy
33%
RaionKirovskiy
33%
RaionKrasnoarmeyskiy
33%
RaionLazovskiy
33%
Urban OkrugLesozavodsk
33%
RaionMikhaylovskiy
33%
RaionNadezhdinskiy
33%
Urban OkrugNakhodka
33%
RaionOktyabr'skiy
33%
RaionOl'ginskiy
33%
Urban OkrugPartizansk
33%
RaionPartizanskiy
33%
RaionPogranichnyy
33%
RaionPozharskiy
33%
RaionShkotovskiy
33%
RaionTerneyskiy
33%
Urban OkrugUssuriysk
33%
RaionYakovlevskiy
33%

Score Distribution

Percentile by Number Answered

Percent of People with Each Score

Your Score History

You have not taken this quiz